<The> Impact of the Manufacturing Industry on the Economic Cycle of European Union Countries
Identifikácia vzťahu medzi výrobou a HDP, ktorý reprezentuje ekonomický cyklus v krajinách EÚ. Časové rady vybraných indikátorov výrobného priemyslu a HDP z databázy Eurostatu za obdobie Q1 2000 a Q4 2016. Výsledky analýzy poukazujú na to, že výrobný priemysel je sektor s významným cyklickým správan...
Salvato in:
| Autore principale: | |
|---|---|
| Altri autori: | , , |
| Natura: | Capitolo di libro |
| Lingua: | inglese |
| Soggetti: | |
| Tags: |
Nessun Tag, puoi essere il primo ad aggiungerne!!
|
MARC
| LEADER | 00000nla a2200000 4500 | ||
|---|---|---|---|
| 001 | 0241844 | ||
| 005 | 20240417075135.1 | ||
| 041 | 0 | |a eng | |
| 044 | |a CZ | ||
| 245 | 1 | 0 | |a <The> Impact of the Manufacturing Industry on the Economic Cycle of European Union Countries |c Marcel Behún, Beáta Gavurová, Andrea Tkáčová, Anna Kotásková |
| 520 | |a Identifikácia vzťahu medzi výrobou a HDP, ktorý reprezentuje ekonomický cyklus v krajinách EÚ. Časové rady vybraných indikátorov výrobného priemyslu a HDP z databázy Eurostatu za obdobie Q1 2000 a Q4 2016. Výsledky analýzy poukazujú na to, že výrobný priemysel je sektor s významným cyklickým správaním. | ||
| 610 | 2 | 0 | |a výroba |
| 610 | 2 | 0 | |a výroba cyklická |
| 610 | 2 | 0 | |a cykly výrobné |
| 610 | 2 | 0 | |a cykly hospodárske |
| 610 | 2 | 0 | |a produkt domáci hrubý |
| 610 | 2 | 0 | |a korelácia |
| 610 | 2 | 0 | |a Európska únia |
| 100 | 1 | |a Behún, Marcel | |
| 700 | 1 | |a Gavurová, Beáta, 1972- | |
| 700 | 1 | |a Tkáčová, Andrea | |
| 700 | 1 | |a Kotásková, Anna | |